00617nam a22001817a 450000500170000001000150001702000270003203500140005903700090007308200130008210000190009524500550011426000260016927000830019530000190027850001190029770000190041620250401151520.0 aENG-144325 a9789394935280c300.00p aEN-127857 bDBAD a954.0841 aRay Asok Kumar aThe Wheels Of Revolotion/cAsok Kumar RayhENGLISH aKolkatabMitramc2024 a37A, College StreetbKolkatae700073k9830305810,9038296630mpmitram@gmail.com a228pc22cm(Hb) aMukti Sangha, Sri Sangha & Bengal Volunteers Revolutionary Extremism and White Life Forfeiture In Bengal 1905-1939 aAsok Kumar Ray